La Liga Torschützenkönige - Statistiken

Allgemein
  • Dieses Quiz wurde 1.093 mal gespielt
    496 seit der letzten Aktualisierung
  • Das Durchschnittsergebnis liegt bei 25 aus 104
Antwortstatistiken
Saison Tore Verein Spieler % Korrekt
2010/2011 41 Real Madrid Cristiano Ronaldo
100%
2013/2014 31 Real Madrid Cristiano Ronaldo
100%
2014/2015 48 Real Madrid Cristiano Ronaldo
100%
2009/2010 34 FC Barcelona Lionel Messi
100%
2011/2012 50 FC Barcelona Lionel Messi
100%
2012/2013 46 FC Barcelona Lionel Messi
100%
2016/2017 37 FC Barcelona Lionel Messi
100%
2017/2018 34 FC Barcelona Lionel Messi
100%
2018/2019 36 FC Barcelona Lionel Messi
100%
2019/2020 25 FC Barcelona Lionel Messi
100%
2020/2021 30 FC Barcelona Lionel Messi
100%
1996/1997 34 FC Barcelona Ronaldo
100%
2003/2004 24 Real Madrid Ronaldo
100%
2015/2016 40 FC Barcelona Luis Suárez
91%
2021/2022 27 Real Madrid Karim Benzema
90%
2024/25 31 Real Madrid Kylian Mbappé
90%
2022/23 23 FC Barcelona Robert Lewandowski
87%
1998/1999 25 Real Madrid Raúl
58%
2000/2001 24 Real Madrid Raúl
58%
1953/1954 27 Real Madrid Alfrédo di Stefano
44%
24 Real Madrid Alfrédo di Stefano
44%
1956/1957 31 Real Madrid Alfrédo di Stefano
44%
1957/1958 19 Real Madrid Alfrédo di Stefano
44%
1958/1959 23 Real Madrid Alfrédo di Stefano
44%
2005/2006 27 FC Barcelona Samuel Eto'o
44%
2004/2005 25 Villarreal CF Diego Forlán
37%
2008/2009 32 Atlético Madrid Diego Forlán
37%
1959/1960 25 Real Madrid Ferenc Puskas
32%
1960/1961 28 Real Madrid Ferenc Puskas
32%
1962/1963 26 Real Madrid Ferenc Puskas
32%
1963/1964 21 Real Madrid Ferenc Puskas
32%
2023/24 24 Girona FC Artem Dovbyk
31%
2002/2003 29 Deportivo La Coruña Roy Makaay
25%
2006/2007 25 Real Madrid Ruud van Nistelrooy
23%
1984/1985 19 Atlético Madrid Hugo Sánchez
16%
1985/1986 22 Real Madrid Hugo Sánchez
16%
1986/1987 34 Real Madrid Hugo Sánchez
16%
1987/1988 29 Real Madrid Hugo Sánchez
16%
1989/1990 38 Real Madrid Hugo Sánchez
16%
1990/1991 19 Real Madrid Butragueño
14%
1993/1994 30 FC Barcelona Romário
13%
2007/2008 27 RCD Mallorca Güiza
7%
1942/1943 30 FC Barcelona Mariano Martín Alonso
4%
2001/2002 20 Deportivo La Coruña Tristán
4%
1992/1993 29 Deportivo La Coruña Bebeto
3%
1997/1998 24 Atlético Madrid Christian Vieri
3%
1978/1979 29 FC Barcelona Hans Krankl
3%
1983/1984 17 Real Valladolid Jorge Da Silva
3%
1944/1945 20 Athletic Bilbao Zarra
3%
1945/1946 24 Athletic Bilbao Zarra
3%
1946/1947 33 Athletic Bilbao Zarra
3%
1949/1950 34 Athletic Bilbao Zarra
3%
1950/1951 38 Athletic Bilbao Zarra
3%
1952/1953 24 Athletic Bilbao Zarra
3%
1964/1965 26 FC Barcelona Cayetano Ré
2%
1994/1995 28 Real Madrid Ivan Zamorano
2%
1976/1977 24 Valencia CF Mario Kempes
2%
1977/1978 28 Valencia CF Mario Kempes
2%
1973/1974 20 Sporting Gijón Quini
2%
1975/1976 21 Sporting Gijón Quini
2%
1979/1980 24 Sporting Gijón Quini
2%
1980/1981 20 FC Barcelona Quini
2%
1981/1982 27 FC Barcelona Quini
2%
14 Real Madrid Real Madrid Amaro Amancio
1%
16 Real Madrid Amaro Amancio
1%
1954/1955 29 Sevilla FC Arza
1%
19 Real Valladolid Badenes
1%
1988/1989 35 Atlético Madrid Baltazar
1%
1930/1931 27 Athletic Bilbao Bata
1%
1931/1932 13 Athletic Bilbao Bata
1%
1948/1949 28 FC Barcelona César
1%
1929/1930 20 Athletic Bilbao Gorostiza
1%
1968/1969 14 Atlético Madrid José Gárate
1%
1969/1970 16 Atlético Madrid José Gárate
1%
1970/1971 17 Atlético Madrid José Gárate
1%
17 Real Madrid Juanito
1%
1933/1934 26 Real Oviedo Lángara
1%
1934/1935 27 Real Oviedo Lángara
1%
1935/1936 28 Real Oviedo Lángara
1%
18 Atlético Madrid Luis Aragonés
1%
16 Atlético Madrid Luis Aragonés
1%
1941/1942 27 Valencia CF Mundo
1%
1943/1944 28 Valencia CF Mundo
1%
20 Celta Vigo Pahiño
1%
1951/1952 28 Real Madrid Pahiño
1%
1995/1996 31 CD Tenerife Pizzi
1%
17 FC Barcelona Rexach
1%
1982/1983 20 Real Betis Rincón
1%
1999/2000 27 Racing Santander Salva
1%
1965/1966 18 Elche CF Vavá
1%
1966/1967 24 Valencia CF Waldo
1%
1928/1929 17 Real Sociedad Bienzobas
0%
1974/1975 19 Athletic Bilbao Carlos Ruiz
0%
1961/1962 25 Real Zaragoza Juan Seminario
0%
1991/1992 27 Atlético Madrid Manolo
0%
1972/1973 19 Real Oviedo Marianin
0%
1955/1956 24 Celta Vigo Mauro
0%
1932/1933 16 Real Madrid Olivares
0%
1947/1948 20 Gimnàstic Gimnàstic Peralta
0%
1971/1972 20 Granada CF Porta
0%
1940/1941 33 Atlético Madrid Pruden
0%
19 Valencia CF Ricardo Alós
0%
1967/1968 22 Athletic Bilbao Uriarte
0%
1939/1940 20 Athletic Bilbao Victor Unamuno
0%
Keine übereinstimmenden Quizze gefunden
Verteilung der Resultate
Anzahl Personen mit jedem Resultat
Perzentil nach korrekt beantworteten Fragen
Ihre Resultats-Entwicklung
Sie haben dieses Quiz seit der letzten Aktualisierung nicht gespielt